[Event "SLO-ch blind"]
[Site "Okroglo"]
[Date "2004.05.01"]
[Round "7"]
[White "Cuckovic, Valter"]
[Black "Persuh, Andrej"]
[Result "1/2-1/2"]
[WhiteElo "1534"]
[BlackElo "1608"]
[PlyCount "35"]
[EventDate "2004.04.26"]
[EventType "swiss"]
[EventRounds "9"]
[EventCountry "SLO"]
[SourceTitle "EXT 2009"]
[Source "ChessBase"]
[SourceDate "2008.11.26"]
[SourceVersion "1"]
[SourceVersionDate "2008.11.26"]
[SourceQuality "1"]

1. e4 e5 2. Nf3 Nc6 3. Bb5 d6 4. Bxc6+ bxc6 5. d4 exd4 6. Nxd4 Bb7 7. Nc3 Nf6 8. Bg5 Be7 9. 0-0 h6 10. Bxf6 Bxf6 11. Qd2 0-0 12. Nf3 Bxc3 13. Qxc3 c5 14. Rfe1 Re8 15. e5 Bxf3 16. Qxf3 Rb8 17. Qc3 Qd7 18. b3 1/2-1/2

[Event "SLO-ch blind"]
[Site "Okroglo"]
[Date "2004.04.27"]
[Round "2"]
[White "Cuckovic, Valter"]
[Black "Potocnik, Janez"]
[Result "1/2-1/2"]
[WhiteElo "1534"]
[BlackElo "1553"]
[PlyCount "39"]
[EventDate "2004.04.26"]
[EventType "swiss"]
[EventRounds "9"]
[EventCountry "SLO"]
[SourceTitle "EXT 2009"]
[Source "ChessBase"]
[SourceDate "2008.11.26"]
[SourceVersion "1"]
[SourceVersionDate "2008.11.26"]
[SourceQuality "1"]

1. e4 e5 2. Nf3 Nc6 3. d4 exd4 4. Nxd4 Nxd4 5. Qxd4 Qf6 6. Qxf6 Nxf6 7. Bd3 Bc5 8. Be3 Bxe3 9. fxe3 0-0 10. 0-0 d5 11. exd5 Nxd5 12. e4 Nb4 13. Nc3 Nxd3 14. cxd3 f5 15. exf5 Rxf5 16. Rxf5 Bxf5 17. Nd5 Bxd3 18. Nxc7 Rc8 19. Rd1 Rxc7 20. Rxd3 1/2-1/2